| 000 | 01059nam a22003017a 4500 | ||
|---|---|---|---|
| 001 | 7922 | ||
| 003 | FISKH | ||
| 005 | 20250826095151.0 | ||
| 008 | 250814b cb ||||| |||| 00| 0 eng d | ||
| 020 | _a9781842368213 | ||
| 040 |
_aFISKH _beng _cFISKH _dFISKH |
||
| 050 | _aQL737.C23 P3592 | ||
| 082 | _a599.75 | ||
| 100 |
_aParker, Steve _d(1952–) |
||
| 245 |
_aI love big cats / _cBy Steve Parker ; Illustrated by Lan Jackson |
||
| 250 | _aThis edition first published in 2011 | ||
| 260 |
_aBardfield : _bMileskelly, _c2007 |
||
| 300 |
_a24 pages : _bcolor illustrations ; _c24 cm |
||
| 505 | _aC | ||
| 520 | _aThis highly visual series provides younger children with first facts and pictures about their favourite subjects. Each spread presents a new topic and is accompanied by simple text and realistic, detailed illustrations. | ||
| 521 | 8 |
_a70
_bLexile |
|
| 521 | 8 |
_aC
_bRaz-Plus |
|
| 650 |
_2Children's _aAnimals |
||
| 650 |
_2Mammals _aNon-fiction |
||
| 700 |
_aJackson, Lan _dillustrator |
||
| 942 |
_2ddc _cBK _n0 |
||
| 999 |
_c7922 _d7922 |
||